000 00486nam a2200169 i 4500
001 31504
003 ES-MaACL
005 20230906154406.0
007 t|
008 030129s1950 sp ||||1| spa d
100 1 _aBenet, Rafael.
_927543
245 1 0 _aVelázquez
_b: la actualidad de Velázquez /
_cRafael Benet.
250 _a2ª ed.
260 _aBarcelona :
_bIberia,
_c[1950] (
_fAgustín Núñez)
300 _a104 p., 44 lám. ;
_c28 cm.
852 _aES-MaACL
_jC-19606
_bR.47244
999 _c31504
_d31504